Wydajność jednostopniowej sprężarki tłokowej w urządzeniu chłodniczym parowym / (Rekord nr 646)
| 000 -ETYKIETA REKORDU | |
|---|---|
| podpole kontrolne o stałej długości | 01330naa a2200217 i 4500 |
| 001 - NUMER KONTROLNY REKORDU | |
| podpole kontrolne | 646 |
| 003 - IDENTYFIKATOR NUMERU KONTROLNEGO REKORDU | |
| podpole kontrolne | KOSZ 005 |
| 005 - DATA OSTATNIEJ MODYFIKACJI REKORDU | |
| podpole kontrolne | 20180428084816.0 |
| 008 - POLE O STAŁEJ DŁUGOŚCI - DANE KONTROLNE | |
| podpole kontrolne o stałej długości | 140221s2006 pl f |000 0 pol |
| 040 ## - ŹRÓDŁO KATALOGOWANIA | |
| Instytucja, która utworzyła rekord | BPK |
| Instytucja, która dokonała modyfikacji | KOSZ 005/EG |
| 080 ## - UNIWERSALNA KLASYFIKACJA DZIESIĘTNA - UKD | |
| UKD | 621.59 |
| 100 1# - NAZWA OSOBOWA | |
| Nazwa osobowa | BOHDAL, Tadeusz. |
| Lata pracy | 1996 - . |
| Instytucja | Politechnika Koszalińska - Wydział Mechaniczny, |
| Wydział | Katedra Techniki Cieplnej i Chłodnictwa |
| 245 10 - TYTUŁ/ODPOWIEDZIALNOŚĆ | |
| Tytuł | Wydajność jednostopniowej sprężarki tłokowej w urządzeniu chłodniczym parowym / |
| Pozostałe elementy strefy tytułu i oznaczenia odpowiedzialności | Tadeusz Bohdal, Henryk Charun. |
| 500 ## - UWAGI OGÓLNE | |
| Tekst uwagi | Dane z autopsji. |
| 520 ## - UWAGA DOTYCZĄCA TREŚCI DOKUMENTU | |
| Analiza dokumentacyjna, adnotacja itp. | Przedstawiono interpretację pojęcia wydajności chłodniczej jednostopniowej sprężarki tłokowej wyróżniającej ją wśród sprężarek wyporowych dla innych czynników (niechłodniczych). Zwrócono uwagę na określenie wydajności chłodniczej netto i brutto sprężarki, bowiem prawidłowe określenie wydajności użytecznej (netto) ma istotny wpływ na dobór wielkości urządzenia z typoszeregu materiałów katalogowych producenta. |
| 650 #0 - HASŁO PRZEDMIOTOWE W FORMIE NAZWY OGÓLNEJ LUB JEDNOSTKOWEJ | |
| Nazwa ogólna lub geograficzna | Sprężarki tłokowe. |
| 650 #0 - HASŁO PRZEDMIOTOWE W FORMIE NAZWY OGÓLNEJ LUB JEDNOSTKOWEJ | |
| Nazwa ogólna lub geograficzna | Chłodnictwo - urządzenia. |
| 700 1# - HASŁO DODATKOWE - NAZWA OSOBOWA | |
| Nazwa osobowa | CHARUN, Henryk. |
| Lata pracy | 1996 - . |
| Instytucja | Politechnika Koszalińska - Wydział Mechaniczny, |
| Wydział | Katedra Techniki Cieplnej i Chłodnictwa |
| 773 0# - TYTUŁ DOKUMENTU MACIERZYSTEGO | |
| Wyrażenie wprowadzające | W : |
| Tytuł | Chłodnictwo i Klimatyzacja. - |
| Informacje dotyczące relacji | 2006, nr 9(101), s. 72-77 |
| 942 ## - HASŁO DODATKOWE - ELEMENTY(KOHA) | |
| Typ dokumentu | Artykuł |
| Schemat klasyfikacji | Uniwersalna klasyfikacja dziesiętna |
| Wycofany | Zagubiony | Uszkodzony | Dostępność | Lokalizacja stała | Lokalizacja bieżąca | Sygnatura | Typ dokumentu |
|---|---|---|---|---|---|---|---|
| Dostępny | Bibliografia Prac Pracowników - BPK | Bibliografia Prac Pracowników - BPK | 0967 | Artykuł |
